000 00267nam a2200109Ia 4500
005 20251222154310.0
008 251222s9999||||xx |||||||||||||| ||spa||
082 _a868.32/R65/Ej.3
100 _a"Riquer, Martín De"
245 0 _aAproximación al Quijote
942 _cLIB
999 _c33371
_d33371